Národní hospodářství měsíčník pro hospodářskou politiku

Gespeichert in:
Bibliographische Detailangaben
Format: Schriftenreihe
Sprache:Tschechisch
Veröffentlicht: Praha ORBIS 1995
Schlagworte:
Tags: Tag hinzufügen
Keine Tags, Fügen Sie das erste Tag hinzu!

MARC

LEADER 00000nas2a2200000 4500
001 s102060
005 20221221071201.0
022 |a 0862-7037 
041 0 |a cze 
044 |a CZ 
245 1 0 |a Národní hospodářství  |b měsíčník pro hospodářskou politiku 
264 1 |a Praha  |b ORBIS  |c 1995 
300 |a 2 zv. 
773 0 |w eu_un_cat*s120188 
610 2 0 |a politika hospodárska 
610 2 0 |a hospodárstvo národné